[Event "Mazowiecki Festiwal Szachowy - gr. B"]
[Site "Warszawa/Fundacja na rzecz Wsp"]
[Date "2008.08.04"]
[Round "3.26"]
[White "Walentukiewicz, Michal"]
[Black "Kadziolka, Beata"]
[Result "1/2-1/2"]
[WhiteElo "2200"]
[BlackElo "2313"]
[PlyCount "56"]
[EventDate "2008.08.04"]

1. d4 Nf6 2. Nf3 c5 3. d5 d6 4. g3 g6 5. Bg2 b5 6. a4 b4 7. c4 bxc3 8. Nxc3 Bg7
9. O-O O-O 10. h3 Na6 11. Re1 Nb4 12. e4 Ba6 13. Bf1 Bxf1 14. Kxf1 e6 15. dxe6
fxe6 16. Kg2 d5 17. Ng5 Re8 18. exd5 exd5 19. Ne6 Qb6 20. Nxg7 Kxg7 21. Bg5 d4
22. Bxf6+ Qxf6 23. Ne4 Qc6 24. f3 d3 25. Rc1 Nc2 26. Rxc2 dxc2 27. Qxc2 c4 28.
Qc3+ Kf7 1/2-1/2

[Event "Mazowiecki Festiwal Szachowy - gr. B"]
[Site "Warszawa/Fundacja na rzecz Wsp"]
[Date "2008.08.04"]
[Round "3.17"]
[White "Owczarzak, Jerzy"]
[Black "Lada, Marek"]
[Result "1/2-1/2"]
[WhiteElo "2343"]
[BlackElo "2226"]
[PlyCount "39"]
[EventDate "2008.08.04"]

1. e4 e6 2. d4 d5 3. Nc3 Nf6 4. e5 Nfd7 5. f4 c5 6. Nf3 a6 7. Be3 (7. Bd3 Qb6
8. a3 Nc6 9. dxc5 Bxc5 10. Na4 Qa5+ 11. b4 Qxa4 12. bxc5 f6 13. exf6) 7... Qb6
8. a3 Nc6 9. dxc5 Bxc5 10. Na4 Qa5+ 11. b4 Qxa4 12. bxc5 f6 13. exf6 Nxf6 14.
Bd3 Bd7 15. O-O O-O 16. Qb1 h6 17. h3 Rab8 18. Qb2 Qa5 19. Rae1 Qc7 20. c4
1/2-1/2

[Event "Mazowiecki Festiwal Szachowy - gr. B"]
[Site "Warszawa/Fundacja na rzecz Wsp"]
[Date "2008.08.04"]
[Round "3.24"]
[White "Adamski, Jan"]
[Black "Fistek, Dariusz"]
[Result "1/2-1/2"]
[WhiteElo "2330"]
[BlackElo "2208"]
[PlyCount "31"]
[EventDate "2008.08.04"]

1. c4 Nf6 2. Nc3 g6 3. e4 d6 4. d4 Bg7 5. Be2 O-O 6. Bg5 Na6 7. Qd2 Qe8 8. Nf3
e5 9. dxe5 dxe5 10. O-O Bg4 11. Rad1 Bxf3 12. Bxf3 c6 13. Be3 Qe7 14. Qd6 Rfe8
15. Qxe7 Rxe7 16. b4 1/2-1/2

[Event "Mazowiecki Festiwal Szachowy - gr. B"]
[Site "Warszawa/Fundacja na rzecz Wsp"]
[Date "2008.08.03"]
[Round "3.32"]
[White "Zickus, Simonas"]
[Black "Mandecki, Marek"]
[Result "0-1"]
[WhiteElo "2269"]
[BlackElo "2140"]
[PlyCount "138"]
[EventDate "2008.??.??"]

1. Nf3 Nf6 2. g3 g6 3. Bg2 Bg7 4. O-O O-O 5. c4 c5 6. d4 cxd4 7. Nxd4 Nc6 8.
Nc2 d6 9. Nc3 Re8 10. b3 Qa5 11. Bd2 Qh5 12. e4 Bg4 13. f3 Bh3 14. Rc1 Bxg2 15.
Kxg2 Rad8 16. b4 g5 17. g4 Qg6 18. Nd5 Nxd5 19. cxd5 Ne5 20. Qe2 Rc8 21. Ne3 e6
22. Qb5 b6 23. a4 h5 24. h3 Kh7 25. Nc4 Nxc4 26. Rxc4 exd5 27. Qxd5 Be5 28.
Rfc1 Rxc4 29. Rxc4 hxg4 30. hxg4 Re7 31. Bc3 Bf4 32. Rc8 f6 33. Bd4 Be5 34. a5
bxa5 35. bxa5 Qf7 36. Qxf7+ Rxf7 37. Be3 Rb7 38. a6 Rb2+ 39. Kf1 Rb3 40. Ke2
Rb2+ 41. Kd1 Ra2 42. Rc7+ Kg6 43. Rxa7 Ra3 44. Bd2 Bd4 45. Ra8 Bc5 46. Kc2 Kf7
47. Bc3 Ke7 48. Kb2 Ra4 49. Kb3 Ra3+ 50. Kb2 Ra4 51. Kb3 Ra3+ 52. Kc4 Ke6 53.
Bb2 Ra4+ 54. Kc3 Rb4 55. Kc2 Rc4+ 56. Bc3 Ra4 57. Rf8 Rxa6 58. Rxf6+ Ke7 59.
Rf5 Rc6 60. Kd3 Ra6 61. Rxg5 Ra3 62. Rg7+ Ke6 63. f4 d5 64. f5+ Kd6 65. Rg6+
Kd7 66. exd5 Bb4 67. Rc6 Bxc3 68. Rxc3 Ra4 69. Rc4 Ra3+ 0-1

[Event "Mazowiecki Festiwal Szachowy - gr. B"]
[Site "Warszawa/Fundacja na rzecz Wsp"]
[Date "2008.08.03"]
[Round "3.48"]
[White "Wickstrom, Lucas"]
[Black "Lach, Aleksandra"]
[Result "0-1"]
[WhiteElo "2139"]
[BlackElo "2035"]
[PlyCount "98"]
[EventDate "2008.??.??"]

1. d4 f5 2. Nc3 g6 3. e4 fxe4 4. Nxe4 d5 5. Nc5 e5 6. Qe2 Nc6 7. Be3 Bxc5 8.
dxc5 d4 9. O-O-O Qe7 10. Bd2 Bf5 11. g4 Be6 12. Bg2 Qxc5 13. Bxc6+ bxc6 14. Nf3
Bxg4 15. Rhe1 Bxf3 16. Qxf3 O-O-O 17. Bg5 Rf8 18. Qh3+ Kb7 19. Rd3 Ne7 20. f4
Rf5 21. Rb3+ Ka8 22. Qf3 Nd5 23. Rxe5 Rxe5 24. fxe5 d3 25. Qg2 dxc2 26. e6 h6
27. Bd2 g5 28. Qe2 Re8 29. Qa6 Nb6 30. Ra3 Qg1+ 31. Kxc2 Qc5+ 32. Bc3 Qf5+ 33.
Kc1 Qf4+ 34. Kc2 Qe4+ 35. Kc1 Qe3+ 36. Kc2 Qe4+ 37. Kc1 Qf4+ 38. Kc2 Qf5+ 39.
Kc1 Kb8 40. Qxa7+ Kc8 41. Qa6+ Kd8 42. Bb4 Qxe6 43. Rd3+ Nd5 44. Bd2 Qe4 45. a3
Kd7 46. Kc2 Rb8 47. b3 Rb5 48. Bb4 Qe2+ 49. Rd2 Rc5+ 0-1

[Event "Mazowiecki Festiwal Szachowy - gr. B"]
[Site "Warszawa/Fundacja na rzecz Wsp"]
[Date "2008.08.03"]
[Round "3.22"]
[White "Wcislo, Damian"]
[Black "Przybylski, Wojciech"]
[Result "0-1"]
[WhiteElo "2216"]
[BlackElo "2363"]
[PlyCount "92"]
[EventDate "2008.??.??"]

1. d4 Nf6 2. c4 e6 3. Nf3 d5 4. Nc3 c6 5. Bg5 h6 6. Bh4 dxc4 7. e4 g5 8. Bg3 b5
9. Be2 Bb7 10. O-O Nbd7 11. Ne5 h5 12. Nxd7 Qxd7 13. Be5 Rh6 14. Qc2 c5 15.
dxc5 b4 16. Bxf6 Rxf6 17. Na4 Bc6 18. b3 Rf4 19. Bxc4 Rxe4 20. Rad1 Rd4 21.
Rxd4 Qxd4 22. Rd1 Qe5 23. Qd2 Rb8 24. Re1 Qf4 25. Qe2 Qg4 26. f3 Qf5 27. Kh1
Bxa4 28. bxa4 Bxc5 29. Qb2 Ke7 30. Re5 Rd8 31. Re1 Rd4 32. Bb3 Qf4 33. Qc1 Bd6
34. Qxf4 Rxf4 35. Re4 Rf5 36. Kg1 h4 37. Rg4 Re5 38. g3 h3 39. Re4 Rc5 40. f4
Rc1+ 41. Kf2 Rh1 42. fxg5 Rxh2+ 43. Kf3 Rg2 44. Rh4 Rxg3+ 45. Kf2 h2 46. Bd1
Rg1 0-1

[Event "Mazowiecki Festiwal Szachowy - gr. B"]
[Site "Warszawa/Fundacja na rzecz Wsp"]
[Date "2008.08.03"]
[Round "3.44"]
[White "Szewczak, Andrzej"]
[Black "Krasenkova, Ilena"]
[Result "0-1"]
[WhiteElo "1902"]
[BlackElo "2171"]
[PlyCount "108"]
[EventDate "2008.??.??"]

1. e4 c5 2. Nc3 Nc6 3. f4 g6 4. Nf3 Bg7 5. g3 d6 6. Bg2 e6 7. d3 Nge7 8. O-O
O-O 9. h3 b6 10. Kh2 Bb7 11. Bd2 Qd7 12. Qc1 Rac8 13. Nd1 b5 14. c3 a5 15. Nh4
f5 16. Ne3 d5 17. exd5 exd5 18. c4 Nd4 19. Bxa5 dxc4 20. dxc4 b4 21. a3 Bxg2
22. Nexg2 Nb3 23. Qc2 Nxa1 24. Rxa1 Nc6 25. axb4 Nxb4 26. Bxb4 cxb4 27. Rd1 Qc6
28. b3 Rfe8 29. Ne1 Qe4 30. Nhg2 Bc3 31. Qf2 Qe2 32. Qf3 Qxf3 33. Nxf3 Rcd8 34.
Rd5 Rxd5 35. cxd5 Re2 36. g4 fxg4 37. hxg4 Rb2 38. f5 Rxb3 39. Kg3 Be5+ 40. Kf2
Bd6 41. Nge1 Rc3 42. Nd2 Bg3+ 43. Ke2 Bxe1 44. Kxe1 Rd3 45. fxg6 hxg6 46. Kd1
Rxd5 47. Kc2 Rd4 48. g5 Rg4 49. Nf3 Rg3 50. Nd4 Rxg5 51. Kb3 Rg4 52. Nc6 g5 53.
Nxb4 Rxb4+ 54. Kxb4 g4 0-1

[Event "Mazowiecki Festiwal Szachowy - gr. B"]
[Site "Warszawa/Fundacja na rzecz Wsp"]
[Date "2008.08.03"]
[Round "3.41"]
[White "Sanetra, Piotr"]
[Black "Pazderski, Ziemowit"]
[Result "0-1"]
[WhiteElo "2065"]
[BlackElo "2197"]
[PlyCount "62"]
[EventDate "2008.??.??"]

1. e4 c5 2. c3 Nf6 3. e5 Nd5 4. Nf3 Nc6 5. Bc4 Nb6 6. Bb3 c4 7. Bc2 Qc7 8. Qe2
g5 9. e6 dxe6 10. Nxg5 Qe5 11. Ne4 f5 12. Ng3 Bh6 13. O-O Qxe2 14. Nxe2 e5 15.
d4 cxd3 16. Bxd3 Bxc1 17. Rxc1 Be6 18. Ng3 e4 19. Be2 O-O-O 20. Kf1 Ne5 21. Ke1
Nbc4 22. b3 Nb2 23. Rc2 Nbd3+ 24. Kf1 h5 25. Nd2 h4 26. Nh5 Bf7 27. Ng7 e6 28.
f4 Nxf4 29. Nc4 Ned3 30. Rd1 Rh7 31. Bxd3 Nxd3 0-1

[Event "Mazowiecki Festiwal Szachowy - gr. B"]
[Site "Warszawa/Fundacja na rzecz Wsp"]
[Date "2008.08.04"]
[Round "3.35"]
[White "Pietocha, Pawel"]
[Black "Alhuwar, Jasem"]
[Result "0-1"]
[WhiteElo "2036"]
[BlackElo "2260"]
[PlyCount "66"]
[EventDate "2008.08.04"]

1. e4 e6 2. d4 d5 3. Nd2 a6 4. c3 c5 5. exd5 exd5 6. dxc5 Bxc5 7. Nb3 Bb6 8.
Bd3 Nf6 9. Nf3 O-O 10. O-O Bg4 11. Bf4 Nc6 12. Bc2 Bh5 13. Qd2 Ne4 14. Bxe4
dxe4 15. Ng5 Re8 16. Rfe1 f5 17. g4 Bxg4 18. Bd6 Nd4 19. Nxd4 Qxd6 20. Qc2 Qd5
21. h3 Bh5 22. h4 h6 23. Nh3 Bc7 24. Qb3 Qxb3 25. axb3 Rad8 26. Kg2 Be5 27. Ra5
g6 28. Rxe5 Rxe5 29. Nf4 Kf7 30. Kg3 Kf6 31. Nxh5+ gxh5 32. Kf4 Rg8 33. Ne2 Rd5
0-1

[Event "Mazowiecki Festiwal Szachowy - gr. B"]
[Site "Warszawa/Fundacja na rzecz Wsp"]
[Date "2008.08.03"]
[Round "3.20"]
[White "Gluszko, Tomasz"]
[Black "Shkapenko, Pavel"]
[Result "0-1"]
[WhiteElo "2225"]
[BlackElo "2404"]
[PlyCount "106"]
[EventDate "2008.??.??"]

1. d4 Nf6 2. c4 e6 3. Nf3 Bb4+ 4. Bd2 Qe7 5. g3 Nc6 6. Nc3 Bxc3 7. Bxc3 Ne4 8.
Rc1 d6 9. d5 Nxc3 10. Rxc3 Nb8 11. Bg2 O-O 12. Nd2 e5 13. c5 Na6 14. Nb3 Bf5
15. e4 Bd7 16. Qc1 Nxc5 17. Nxc5 dxc5 18. Rxc5 c6 19. dxc6 Bxc6 20. Qc3 f6 21.
O-O Rad8 22. b4 a6 23. Bf3 Kh8 24. Qe3 Rd4 25. a3 Rfd8 26. Rc3 Qd6 27. Rfc1 g6
28. Qe1 Kg7 29. Re3 Rd2 30. Kg2 Qd4 31. Rcc3 Rb2 32. Rb3 Ra2 33. Qb1 Rd2 34. h4
Rd7 35. Rbc3 Bb5 36. Qc1 h5 37. Kg1 Ra2 38. Kg2 Qd2 39. Qg1 Qb2 40. Rb3 Qd2 41.
Rbc3 Kh6 42. g4 hxg4 43. Bxg4 Rd3 44. Re2 Qxc3 45. Rxa2 Bc6 46. f3 f5 47. exf5
gxf5 48. Bxf5 Rxf3 49. Kh2 Rxf5 50. Qg8 e4 51. Rg2 Qe5+ 52. Rg3 Qf6 53. Kh3 Bd7
0-1

[Event "Mazowiecki Festiwal Szachowy - gr. B"]
[Site "Warszawa/Fundacja na rzecz Wsp"]
[Date "2008.08.04"]
[Round "3.46"]
[White "Sielicki, Tomasz"]
[Black "Kultiyasov, Mikhail"]
[Result "1-0"]
[WhiteElo "2043"]
[BlackElo "2141"]
[PlyCount "135"]
[EventDate "2008.08.04"]

1. d4 g6 2. c4 Bg7 3. Nc3 c5 4. d5 Bxc3+ 5. bxc3 Qa5 6. Qc2 f5 7. e4 fxe4 8. f3
Nf6 9. fxe4 d6 10. Bd3 Nbd7 11. Nf3 Ne5 12. Nxe5 dxe5 13. O-O O-O 14. Rb1 Kg7
15. Be3 Qc7 16. Qd2 Rf7 17. Qf2 b6 18. Qh4 h5 19. Be2 Bd7 20. Rf2 Qd6 21. Rbf1
Rh8 22. h3 Be8 23. Rf3 Ba4 24. Rg3 Bc2 25. Bf3 Rh7 26. Rxg6+ Kf8 27. Bg5 Bd3
28. Rf2 Ke8 29. Bxf6 Rxf6 30. Rxf6 exf6 31. Bxh5+ Ke7 32. Rf5 Rg7 33. Bf3 Bxc4
34. Qh8 Rf7 35. Bh5 Rf8 36. Qg7+ Kd8 37. Qxa7 Qc7 38. Qa4 Bd3 39. Bg4 c4 40.
Qb4 Qc5+ 41. Qxc5 bxc5 42. Bf3 Ke7 43. Rh5 Ra8 44. Rh7+ Kd6 45. Rf7 f5 46. Rxf5
Rxa2 47. Rf6+ Kd7 48. h4 Ra3 49. h5 Ke7 50. Re6+ Kf7 51. Rxe5 Rxc3 52. d6 Ra3
53. Rxc5 c3 54. Kf2 c2 55. Ke1 Bxe4 56. Bxe4 Re3+ 57. Kf2 Rxe4 58. Rxc2 Rh4 59.
d7 Rd4 60. Rc7 Kf6 61. Ke3 Rd1 62. g4 Kg5 63. Rc5+ Kh6 64. Rc6+ Kh7 65. Rc7 Kh6
66. Ke4 Re1+ 67. Kf5 Rf1+ 68. Ke6 1-0

[Event "Mazowiecki Festiwal Szachowy - gr. B"]
[Site "Warszawa/Fundacja na rzecz Wsp"]
[Date "2008.08.04"]
[Round "3.49"]
[White "Gosciniak, Maria"]
[Black "Rafa, Robert"]
[Result "1-0"]
[WhiteElo "2096"]
[BlackElo "2033"]
[PlyCount "133"]
[EventDate "2008.08.04"]

1. e4 d5 2. exd5 Qxd5 3. Nc3 Qa5 4. d4 Nf6 5. Nf3 Bf5 6. Bc4 e6 7. Bd2 c6 8.
Qe2 Bb4 9. O-O-O O-O 10. h3 Nbd7 11. g4 Bg6 12. Rhg1 Nd5 13. Nxd5 Bxd2+ 14.
Rxd2 exd5 15. Bb3 Rfe8 16. Qf1 Qc7 17. Nh4 Qf4 18. f3 Re7 19. Ng2 Qd6 20. h4 f6
21. h5 Bf7 22. c3 Rae8 23. Bc2 Nf8 24. f4 h6 25. Rh1 Kh8 26. Rf2 Bg8 27. Qd1
Bh7 28. Bxh7 Kxh7 29. g5 Re4 30. gxh6 gxh6 31. Qd2 c5 32. Kb1 cxd4 33. cxd4 f5
34. Nh4 Qf6 35. Rg2 Qe6 36. a3 Re1+ 37. Rxe1 Qxe1+ 38. Qxe1 Rxe1+ 39. Ka2 Rh1
40. Nxf5 Rxh5 41. Ne7 Nd7 42. Rg6 Nf8 43. Rd6 Rh1 44. Nxd5 h5 45. f5 h4 46.
Nf6+ Kg7 47. Nh5+ Kf7 48. Rf6+ Ke7 49. Rh6 Rd1 50. Nf4 Rxd4 51. Rxh4 Rd2 52.
Nh5 Rf2 53. f6+ Kd6 54. Rd4+ Kc7 55. Nf4 Rf3 56. f7 b5 57. Re4 Kd6 58. Re8 Rxf4
59. Rxf8 Ke7 60. Ra8 Kxf7 61. Rxa7+ Ke6 62. Ra5 Rf5 63. a4 Rf4 64. axb5 Kd6 65.
Ra3 Kc5 66. Rb3 Rb4 67. Rxb4 1-0

[Event "Mazowiecki Festiwal Szachowy - gr. B"]
[Site "Warszawa/Fundacja na rzecz Wsp"]
[Date "2008.08.04"]
[Round "3.13"]
[White "Gdanski, Jacek"]
[Black "Przezdziecka, Marta"]
[Result "1/2-1/2"]
[WhiteElo "2523"]
[BlackElo "2281"]
[PlyCount "94"]
[EventDate "2008.08.04"]

1. e4 c5 2. Nf3 Nc6 3. Bb5 d6 4. O-O Bd7 5. c3 Nf6 6. Re1 a6 7. Ba4 c4 8. Bc2
g6 9. b3 cxb3 10. axb3 Bg7 11. d4 O-O 12. h3 Rc8 13. Nbd2 Qc7 14. Nc4 d5 15. e5
dxc4 16. exf6 Bxf6 17. bxc4 Na5 18. c5 Rfd8 19. Ne5 Nc6 20. Nc4 Be6 21. Rxe6
fxe6 22. Qg4 Kg7 23. Qxe6 Rxd4 24. Rb1 Nd8 25. Qe2 Rxc4 26. Qxc4 Qxc5 27. Qf4
Bxc3 28. Qh4 Kg8 29. Bxg6 hxg6 30. Qg4 Bg7 31. Bb2 e5 32. Rc1 Rc6 33. Qe4 Qe7
34. Re1 Re6 35. Re3 Nc6 36. Rg3 Nd4 37. Kh2 Qf7 38. Bxd4 exd4 39. Qd5 Qe7 40.
f4 Kh8 41. Qa5 Rd6 42. Qc5 Re6 43. Qc8+ Kh7 44. Qc2 Kg8 45. Qc8+ Kf7 46. Rd3
Kf6 47. Qg8 Re3 1/2-1/2

[Event "Mazowiecki Festiwal Szachowy - gr. B"]
[Site "Warszawa/Fundacja na rzecz Wsp"]
[Date "2008.08.04"]
[Round "3.12"]
[White "Przybyla, Kamil"]
[Black "Grigoryan, Avetik"]
[Result "0-1"]
[WhiteElo "2134"]
[BlackElo "2537"]
[PlyCount "86"]
[EventDate "2008.08.04"]

1. d4 Nf6 2. c4 g6 3. Nc3 Bg7 4. Nf3 O-O 5. Bg5 c5 6. e3 cxd4 7. Nxd4 Nc6 8.
Nb3 d6 9. Be2 Be6 10. O-O Rc8 11. c5 Bxb3 12. axb3 dxc5 13. Bf3 a6 14. Qe2 Qb6
15. Bxf6 Bxf6 16. Nd5 Qxb3 17. Ra3 Qb5 18. Nxf6+ exf6 19. Qxb5 axb5 20. Rc1 c4
21. Rac3 Na5 22. b4 Nc6 23. Bxc6 bxc6 24. Kf1 Rfd8 25. Ke2 Ra8 26. R3c2 Ra3 27.
Rb2 Kf8 28. g4 Ke7 29. Kf3 Rdd3 30. Ke4 Ke6 31. h4 f5+ 32. gxf5+ gxf5+ 33. Kf4
c3 34. Rbc2 Kd5 35. Kxf5 Kc4 36. Kf6 Rd7 37. e4 Kxb4 38. e5 c5 39. f4 Ra6+ 40.
Kf5 Rd3 41. Rg1 Kc4 42. Rg7 b4 43. Re2 b3 0-1

[Event "Mazowiecki Festiwal Szachowy - gr. B"]
[Site "Warszawa/Fundacja na rzecz Wsp"]
[Date "2008.08.03"]
[Round "3.6"]
[White "Panocki, Adrian"]
[Black "Moranda, Wojciech"]
[Result "1/2-1/2"]
[WhiteElo "2338"]
[BlackElo "2533"]
[PlyCount "80"]
[EventDate "2008.08.03"]

1. e4 c5 2. Nf3 d6 3. d4 cxd4 4. Nxd4 Nf6 5. Nc3 g6 6. Be2 Bg7 7. O-O O-O 8.
Re1 Nc6 9. Nb3 a6 10. Bf1 b5 11. Nd5 e6 12. Nxf6+ Bxf6 13. c3 Qc7 14. Bf4 Rd8
15. Qd2 e5 16. Bg5 Bxg5 17. Qxg5 Kg7 18. Be2 Be6 19. f4 h6 20. Qg3 exf4 21.
Qxf4 Rac8 22. Rf1 Qe7 23. Rf2 Qg5 24. Qxg5 hxg5 25. Rd1 Ne5 26. Nd4 Rc7 27. a4
bxa4 28. Bxa6 a3 29. bxa3 Rxc3 30. Nxe6+ fxe6 31. a4 Ra3 32. Bb5 Ng4 33. Rfd2
d5 34. exd5 Rxd5 35. Rxd5 exd5 36. h3 Nf6 37. Bc6 g4 38. hxg4 Nxg4 39. Bxd5 Ne3
40. Rd4 Nxd5 1/2-1/2

[Event "Mazowiecki Festiwal Szachowy - gr. B"]
[Site "Warszawa/Fundacja na rzecz Wsp"]
[Date "2008.08.03"]
[Round "3.7"]
[White "Matuszewski, Michal"]
[Black "Warakomski, Tomasz"]
[Result "0-1"]
[WhiteElo "2233"]
[BlackElo "2502"]
[PlyCount "118"]
[EventDate "2008.08.03"]

1. d4 g6 2. Nf3 Bg7 3. c4 d6 4. Nc3 Bg4 5. e3 c5 6. Be2 cxd4 7. exd4 Nc6 8. Be3
Nh6 9. d5 Bxf3 10. Bxf3 Ne5 11. Be2 Nf5 12. Bd2 O-O 13. O-O Bh6 14. g4 Bxd2 15.
Qxd2 Ng7 16. f4 Nd7 17. Kg2 a6 18. Rae1 Rc8 19. Bd3 e6 20. dxe6 fxe6 21. b3 Nf6
22. Be2 b5 23. g5 Nfh5 24. Bxh5 Nxh5 25. Re4 bxc4 26. bxc4 Qa5 27. Rf3 Rc6 28.
Qe3 Ng7 29. Rh3 Qf5 30. Ne2 e5 31. Rf3 Qg4+ 32. Rg3 Qe6 33. Qd3 Nf5 34. Rh3 Rc5
35. fxe5 dxe5 36. Rf3 Qe7 37. h4 Nd6 38. Rxf8+ Qxf8 39. Ng3 Qe7 40. Re2 Qe6 41.
Rd2 Nf7 42. Rc2 Kg7 43. Kh2 h6 44. Ne4 Rc7 45. Qf3 hxg5 46. hxg5 Qf5 47. Rf2
Rxc4 48. Qxf5 gxf5 49. Nf6 Kg6 50. Nd5 Rh4+ 51. Kg2 Kxg5 52. Ne3 Nh6 53. Rc2
Ra4 54. Kf3 Ng4 55. Nc4 e4+ 56. Kg3 f4+ 57. Kh3 Nf2+ 58. Kg2 Nd3 59. Kf1 f3 0-1

[Event "Mazowiecki Festiwal Szachowy - gr. B"]
[Site "Warszawa/Fundacja na rzecz Wsp"]
[Date "2008.08.03"]
[Round "3.29"]
[White "Kaliszewski, Tomasz"]
[Black "Szczepkowska-horowska, Karina"]
[Result "1-0"]
[WhiteElo "2141"]
[BlackElo "2285"]
[PlyCount "97"]
[EventDate "2008.??.??"]

1. e4 e5 2. Nf3 Nc6 3. Bb5 a6 4. Ba4 Nf6 5. O-O Be7 6. Re1 b5 7. Bb3 O-O 8. a4
Bb7 9. d3 d6 10. c3 Na5 11. Bc2 c5 12. Nbd2 Nc6 13. Nf1 b4 14. Ne3 Bc8 15. h3
Rb8 16. d4 cxd4 17. cxd4 h6 18. Nd5 Re8 19. dxe5 dxe5 20. Bb3 Bf8 21. Be3 Na5
22. Nxf6+ Qxf6 23. Bd5 Be6 24. Rc1 Red8 25. Bc5 Bd6 26. Bxd6 Rxd6 27. Rc5 Nb7
28. Rc2 Rbd8 29. Rd2 Nc5 30. Qc2 Rc8 31. Red1 Rc7 32. Qc4 a5 33. Qb5 Rc8 34.
Rc1 Bd7 35. Rxc5 Bxb5 36. Rxc8+ Kh7 37. axb5 Qe7 38. Rdc2 a4 39. R2c7 Rd7 40.
b6 a3 41. bxa3 bxa3 42. Rxd7 Qxd7 43. b7 a2 44. Rh8+ Kxh8 45. b8=Q+ Kh7 46. Qb2
f5 47. Nxe5 Qc7 48. Bxa2 fxe4 49. Bb1 1-0

[Event "Mazowiecki Festiwal Szachowy - gr. B"]
[Site "Warszawa/Fundacja na rzecz Wsp"]
[Date "2008.08.03"]
[Round "3.42"]
[White "Alvarado, Carlos"]
[Black "Witek, Tomasz"]
[Result "1-0"]
[WhiteElo "2184"]
[BlackElo "2125"]
[PlyCount "97"]
[EventDate "2008.??.??"]

1. d4 Nf6 2. Nf3 g6 3. Bg5 Bg7 4. Nbd2 d6 5. c3 O-O 6. e4 Nc6 7. Bb5 a6 8. Bxc6
bxc6 9. h3 a5 10. O-O h6 11. Bf4 Nd7 12. Re1 e5 13. dxe5 dxe5 14. Bg3 Ba6 15.
c4 Qe7 16. Qa4 Qe6 17. Qxa5 Bxc4 18. Qc3 Ba6 19. Nb3 f6 20. Nfd2 Rfb8 21. f3
Bf8 22. Bf2 Bb4 23. Qc2 Bb5 24. a3 Bd6 25. Qc3 Nb6 26. Nc5 Qf7 27. b3 Bxc5 28.
Bxc5 Rd8 29. Re3 Qd7 30. Nf1 Ba6 31. a4 Qe6 32. Rc1 Rab8 33. Ba3 Rd4 34. a5 Nd7
35. Qxc6 Qxc6 36. Rxc6 Bb5 37. Rxc7 Rd1 38. Rc1 Rxc1 39. Bxc1 Rc8 40. Re1 Nc5
41. Be3 Nxb3 42. Rb1 Bxf1 43. Rxb3 Bc4 44. Rb6 Ra8 45. Rxf6 Kg7 46. Rc6 Bd3 47.
Rc5 Re8 48. Rc7+ Kf6 49. Bxh6 1-0